Największe rzeki Ameryki Północnej - Statystyki

Ogólne statystyki
  • Ten quiz został rozwiązany 29 razy
  • Średni wynik to 6 z 12
Statystyki odpowiedzi
Np Odpowiedź % Poprawnych
7. Missisipi
100%
8. Missouri
89%
11. Rio Grande
78%
2. Jukon
67%
6. McKenzie
67%
3. Kolorado
56%
9. Ohio
56%
4. Kolumbia
44%
1. Arkansas
33%
10. Red
22%
12. św. Wawrzyńca
22%
5. Niewolnicza
11%
Nie znaleziono quizów pasujących do podanych kryteriów
Rozkład punktacji
Procent ludzi z każdym wynikiem
Percentyl według liczby udzielonych odpowiedzi
Twoja historia wyników
Nie rozwiązałeś tego quizu